Folletos escogidos de Casimiro Olañeta. (Record no. 89860)

MARC details
000 -LEADER
fixed length control field 00864cam a22002411 4500
001 - CONTROL NUMBER
control field sd 40000192
003 - CONTROL NUMBER IDENTIFIER
control field DLC
005 - DATE AND TIME OF LATEST TRANSACTION
control field 20260227112733.0
008 - FIXED-LENGTH DATA ELEMENTS--GENERAL INFORMATION
fixed length control field 061211s1939 bo b 000 0 spa
010 ## - LIBRARY OF CONGRESS CONTROL NUMBER
LC control number sd 40000192
040 ## - CATALOGING SOURCE
Original cataloging agency DLC
Transcribing agency DLC
Modifying agency DLC
043 ## - GEOGRAPHIC AREA CODE
Geographic area code s-bo---
050 00 - LIBRARY OF CONGRESS CALL NUMBER
Classification number F3324
Item number .O4
100 1# - MAIN ENTRY--PERSONAL NAME
Personal name Olañeta, Casimiro,
Dates associated with a name 1795-1860.
245 10 - TITLE STATEMENT
Title Folletos escogidos de Casimiro Olañeta.
260 ## - PUBLICATION, DISTRIBUTION, ETC.
Place of publication, distribution, etc. La Paz, Bolivia,
Name of publisher, distributor, etc. Imp. artística,
Date of publication, distribution, etc. 1939.
300 ## - PHYSICAL DESCRIPTION
Extent 4 p. l., xxxiv, 197 p.
Dimensions 20 cm.
490 0# - SERIES STATEMENT
Series statement Biblioteca boliviana; publicaciones del Ministerio de educación, bellas artes y asuntos indígenas,
Volume/sequential designation no. 6
500 ## - GENERAL NOTE
General note "Notas sobre Casimiro Olañeta" (p. i-xxxiv) signed: Gustavo Adolfo Otero.
651 #0 - SUBJECT ADDED ENTRY--GEOGRAPHIC NAME
Geographic name Bolivia
General subdivision History
Chronological subdivision 1825-
651 #0 - SUBJECT ADDED ENTRY--GEOGRAPHIC NAME
Geographic name Peru
General subdivision History
Geographic subdivision Peru-Bolivian Confederation.
700 1# - ADDED ENTRY--PERSONAL NAME
Personal name Otero, Gustavo Adolfo,
Dates associated with a name 1896-1958.

No items available.

Powered by Koha